Mumbai True or False? - Statistics

General Stats
  • This quiz has been taken 454 times
  • The average score is 11 of 15
Answer Stats
Question Answer % Correct
Mumbai was formerly known as Bombay True
97%
Mumbai is the capital of India False
94%
The Taj Mahal is located on the outskirts of Mumbai False
94%
Hinduism is the most common religion in Mumbai True
91%
Gujarati is the most commonly spoken language in Mumbai False
88%
Mumbai sits on an island True
82%
Rudyard Kipling and Salman Rushdie were both born in Mumbai True
82%
Mahatma Gandhi was assassinated in Mumbai False
79%
It is illegal to slaughter a cow in Mumbai True
70%
India's ten tallest buildings are all located in Mumbai True
64%
Mumbai's stock exchange is the oldest in Asia True
64%
Mumbai was founded by the British East India Company False
55%
Mumbai's average summer temperature is 45 degrees Celsius (113 Fahrenheit) False
45%
Mumbai is home to the world's largest Zoroastrian population True
42%
The 2008 terrorist attacks were the deadliest in Indian history False
12%
No matching quizzes found
Score Distribution
Percent of People with Each Score
Percentile by Number Answered
Your Score History
You have not taken this quiz